书目信息 |
| 题名: |
机械工程材料与成型技术
|
|
| 作者: | 刘贯军 , 李勇峰 主编 | |
| 分册: | ||
| 出版信息: | 北京 电子工业出版社 2019.07 |
|
| 页数: | 341页 | |
| 开本: | 26cm | |
| 丛书名: | 普通高等教育“十三五”机电类规划教材 | |
| 单 册: | ||
| 中图分类: | TH14 | |
| 科图分类: | ||
| 主题词: | 机械制造材料--ji xie zhi zao cai liao--成型--高等教育--教材 | |
| 电子资源: | ||
| ISBN: | 978-7-121-37073-1 | |
| 000 | 01168nam 2200289 450 | |
| 001 | 202020138868 | |
| 005 | 20200926181339.0 | |
| 010 | @a978-7-121-37073-1@dCNY55.00 | |
| 100 | @a20200915d2019 em y0chiy50 ea | |
| 101 | 0 | @achi |
| 102 | @aCN@b110000 | |
| 105 | @aa a 000yy | |
| 106 | @ar | |
| 200 | 1 | @a机械工程材料与成型技术@Aji xie gong cheng cai liao yu cheng xing ji shu@f刘贯军, 李勇峰主编 |
| 205 | @a第3版 | |
| 210 | @a北京@c电子工业出版社@d2019.07 | |
| 215 | @a341页@c图@d26cm | |
| 225 | 2 | @a普通高等教育“十三五”机电类规划教材@Apu tong gao deng jiao yu “ shi san wu ” ji dian lei gui hua jiao cai |
| 320 | @a有书目 (第340-341页) | |
| 330 | @a本书共十七章, 主要内容包括: 材料的结构与性能 ; 金属材料的结晶与组织 ; 钢的热处理 ; 表面技术 ; 金属材料及应用 ; 高分子材料及应用 ; 陶瓷材料及应用 ; 复合材料及应用 ; 铸造成型 ; 塑性成型等。 | |
| 410 | 0 | @12001 @a普通高等教育“十三五”机电类规划教材 |
| 606 | 0 | @a机械制造材料@Aji xie zhi zao cai liao@x成型@x高等教育@j教材 |
| 690 | @aTH14@v5 | |
| 701 | 0 | @a刘贯军@Aliu guan jun@4主编 |
| 701 | 0 | @a李勇峰@Ali yong feng@4主编 |
| 801 | 0 | @aCN@c20190906 |
| 905 | @a河南城建学院图书馆@dTH14@eL612 | |
| 机械工程材料与成型技术/刘贯军, 李勇峰主编.-第3版.-北京:电子工业出版社,2019.07 |
| 341页:图;26cm.-(普通高等教育“十三五”机电类规划教材) |
| ISBN 978-7-121-37073-1:CNY55.00 |
| 本书共十七章, 主要内容包括: 材料的结构与性能 ; 金属材料的结晶与组织 ; 钢的热处理 ; 表面技术 ; 金属材料及应用 ; 高分子材料及应用 ; 陶瓷材料及应用 ; 复合材料及应用 ; 铸造成型 ; 塑性成型等。 |
| ● |
| 相关链接 |
|
|
|
正题名:机械工程材料与成型技术
索取号:TH14/L612
 
预约/预借
| 序号 | 登录号 | 条形码 | 馆藏地/架位号 | 状态 | 备注 |
| 1 | 1488183 | 214881831 | 期刊室512/501自科库 38排1列2层/ [索取号:TH14/L612] | 在馆 | |
| 2 | 1488184 | 214881840 | 自科库501/501自科库 38排1列2层/ [索取号:TH14/L612] | 在馆 |